000 00626nam a22001697a 4500
003 UA-OsUOA
001 19202
007 ta
008 20040725b un ||||| |||| 00| 0 ukr d
942 _cSA
040 _aUA-OsUOA
_cUA-OsUOA
_dUA-OsUOA
245 _aНа "Бульбі" шаленіють і під етнічні ритми
_b[Сьомий міжнар. фестиваль укр. музики "Тарас Бульба" в Дубно]
300 _aС.5
955 _a0
773 0 _w0
_tРівненська газета
_dРівне
_d2004
_g№60/21 лип./
650 7 _aКраєзнавча робота
_2UDC
999 _c305373
_d305373